Signály normálnej puberty

Bibliographic Details
Main Author: Baláž (Author)
Format: Article
Language:Slovak

MARC

LEADER 00000nab a2200000ua 4500
001 vtls010797882
003 SK-MaSNL
005 20260303152426.0
008 230222s1970 xo |||||||||||||||||slo|
035 |a (urnnbn)urn:nbn:sk:snk:ar-a00c1q 
035 |a (uuid)21b27f96-21c4-44b0-b1bb-30f1246e71c8 
035 |a urn:nbn:sk:snk-ab46mn 
040 |a SNKBUCL  |b slo  |c SNKBUCL  |e AACR2 
041 0 |a slo 
044 |a xo  |c SK 
100 1 |a Baláž  |4 aut  |9 1173007 
245 1 0 |a Signály normálnej puberty  |c Baláž 
773 0 |t Rodina a škola  |g Roč. 17, č. 4 (1970), s. 118-119 
954 |a odborná, vedecká literatúra pôvodná (slovenská)  |2 lita 
958 |a OND 
958 |a EUIPO 
958 |a article3 
999 |c 2023313  |d 2025243